| 000 | 00840nam a2200253Ia 4500 | ||
|---|---|---|---|
| 003 | GCL | ||
| 008 | 140319s9999 xx 000 0 ara d | ||
| 040 |
_aGCL / _cGCL |
||
| 082 | 0 | 4 |
_a910.03 _bم أ |
| 100 | 1 | _aمحمد رياض | |
| 245 | 1 | 0 |
_aالانسان : دراسة فى النوع والحضارة / _cمحمد رياض |
| 260 |
_aبيروت : _bدار النهضة العربية ، _c1974 |
||
| 300 |
_a611 ص ؛ _c24سم |
||
| 650 | 0 | 4 | _aالسحر |
| 650 | 0 | 4 | _aالحضارة |
| 650 | 0 | 4 | _aالسلالات البشرية |
| 650 | 0 | 4 | _aالتنظيم |
| 650 | 0 | 4 | _aالديانات |
| 650 | 0 | 4 | _aالانثربولوجيا |
| 650 | 0 | 4 | _aالانتربولوجيا الاجتماعية |
| 650 | 0 | 4 | _aانسان ماقبل التاريخ |
| 650 | 0 | 4 | _aالانسان - الاصل والاثار |
| 942 |
_2ddc _cBK |
||
| 999 |
_c37302 _d37302 |
||